| 000 | 00733nam a2200145 a 4500 | ||
|---|---|---|---|
| 001 | 000032272 | ||
| 005 | 20200930063557.0 | ||
| 008 | 110714s1939 dr r 000 0 spa d | ||
| 040 |
_aDO-SdBNP _bspa _cBNPHU |
||
| 082 |
_axxxx _bR426c |
||
| 110 | 1 |
_aRepública Dominicana _bConsejo Administrativo del Distrito de Santo Domingo _957540 |
|
| 245 | 1 | 0 | _aMemoria que presenta al señor secretario de estado de la interior y policía y al Consejo Administrativo del Distrito de Santo Domingo, su presidente el Señor Don Virgilio Álvarez Pina, relativo a la labores relaizadas durante su el año de 1930 /. |
| 260 |
_aSanto Domingo : _bConsejo Administrativo del Distrito de Santo Domingo, _c1939. |
||
| 300 |
_a481 p. : _bil., retrs. ; _c24 cm. |
||
| 999 |
_c31763 _d31763 |
||